| 000 | 00873nam a22003257a 4500 | ||
|---|---|---|---|
| 001 | BR0700512 | ||
| 003 | BR-BrBNA | ||
| 005 | 20230928102328.0 | ||
| 007 | ta | ||
| 008 | 230509b bl.||||| |||| 00| 0 por d | ||
| 040 |
_aBR-BrBNA _bpor _cBiblioteca Nacional de Agricultura |
||
| 041 | _a(Por) | ||
| 072 |
_aL01; E50 _b7100 _b9340 |
||
| 090 | _ 7100 BR0700512 | ||
| 100 | 1 | _aBreyer, E.U. | |
| 110 | 1 |
_aFundação Faculdade Estadual de Filosofia, Ciências e Letras, União da Vitória, PR (Brasil) _94895 |
|
| 245 | 1 | _aAbelhas e saúde | |
| 250 | 1 | _a2. ed. | |
| 260 | 3 |
_aUnião da Vitória, PR (Brasil): _c1982. |
|
| 300 | _a71 p. | ||
| 500 | _a16 ref.; 19 illus. | ||
| 650 | _aABELHA | ||
| 650 | _aAPICULTURA | ||
| 650 | _aCRIAÇÃO | ||
| 650 | _aMEL | ||
| 650 | _aPROPOLIS | ||
| 650 | _aSAÚDE | ||
| 909 |
_a202309 _bLucia _c55 _dLucia Elande |
||
| 942 | _cBK | ||
| 999 |
_c70215 _d70215 |
||